000 00542nam a22001817a 4500
005 20251108164951.0
008 250721s1980 xx 000 0 ara d
082 1 4 _a810.90962/عبد
100 1 _aشرف، عبد العزيز
245 1 0 _aالنماذج البشرية في أدب ثروت أباظة /
264 1 _aبيروت :
_bدار الجيل،
_c1980.
490 0 _aكتاب التعاون
650 1 7 _aالأدب العربي
650 1 7 _aالنقد الأدبي
650 1 7 _aمصر
942 _2ddc
_cBK
999 _c18633
_d18633